[Event "St Petersburg Korchnoi Memorial op"]
[Site "St Petersburg"]
[Date "2019.08.20"]
[Round "7"]
[White "Vetokhina, Sofia"]
[Black "Morozov, Mikhail M"]
[Result "1-0"]
[WhiteElo "1521"]
[BlackElo "1954"]
[PlyCount "87"]
[EventDate "2019.08.14"]
[EventType "swiss"]
[EventRounds "9"]
[EventCountry "RUS"]
[SourceTitle "CBM 192"]
[Source "ChessBase"]
[SourceDate "2019.10.31"]
[SourceVersion "1"]
[SourceVersionDate "2019.10.31"]
[SourceQuality "1"]

1. d4 e6 2. c4 f5 3. Nf3 Nf6 4. g3 Be7 5. Bg2 0-0 6. 0-0 d6 7. Nc3 a5 8. Re1 Ne4 9. Qc2 d5 10. Ne5 Nxc3 11. bxc3 c6 12. cxd5 cxd5 13. c4 Nc6 14. Nxc6 bxc6 15. e3 Ba6 16. Bf1 Bd6 17. c5 Bc7 18. Bxa6 Rxa6 19. a4 Ra7 20. Bd2 Qf6 21. f4 Kh8 22. Bc3 Qg6 23. Qg2 Kg8 24. Rab1 h5 25. h4 Rfa8 26. Rb3 Kf8 27. Reb1 Qe8 28. Qb2 Qc8 29. Qd2 g6 30. Qa2 Kg7 31. Qb2 Kh6 32. Rb7 Kg7 33. Qb6 Rxb7 34. Qxb7 Kf6 35. Qxc8 Rxc8 36. Rb7 Bd8 37. Ra7 Rb8 38. Bxa5 Bxa5 39. Rxa5 Rb7 40. Ra6 Rc7 41. Rb6 Ke7 42. a5 Kd7 43. a6 Ra7 44. Kf2 1-0

[Event "St Petersburg Korchnoi Memorial op"]
[Site "St Petersburg"]
[Date "2019.08.19"]
[Round "6"]
[White "Morozov, Mikhail M"]
[Black "Gumenniy, Evgeny"]
[Result "1/2-1/2"]
[WhiteElo "1954"]
[BlackElo "1797"]
[PlyCount "102"]
[EventDate "2019.08.14"]
[EventType "swiss"]
[EventRounds "9"]
[EventCountry "RUS"]
[SourceTitle "CBM 192"]
[Source "ChessBase"]
[SourceDate "2019.10.31"]
[SourceVersion "1"]
[SourceVersionDate "2019.10.31"]
[SourceQuality "1"]

1. d4 Nf6 2. Bg5 c5 3. d5 Ne4 4. Bc1 e6 5. c4 Qa5+ 6. Nd2 exd5 7. cxd5 c4 8. Qc2 Nxd2 9. Bxd2 Qxd5 10. e4 Qc6 11. Bxc4 b5 12. Bd3 Qxc2 13. Bxc2 Bb7 14. Nf3 Bc5 15. Rc1 0-0 16. 0-0 d6 17. Rfe1 Nc6 18. Bd3 a6 19. Be3 Rfd8 20. Bb1 Bxe3 21. Rxe3 Ne5 22. Nd4 Nc4 23. Re2 Rac8 24. Rce1 Re8 25. h3 g6 26. Kh2 f6 27. f4 Rc7 28. Bd3 Rce7 29. a4 d5 30. axb5 axb5 31. Nxb5 Ba6 32. Bxc4 dxc4 33. Nc3 Kf7 34. Rd2 h5 35. Kg3 g5 36. f5 Bc8 37. Ree2 Re5 38. Kf2 R8e7 39. Rd4 Rc7 40. Rd6 Bb7 41. Kg3 Rce7 42. Rd4 Rc7 43. h4 Rce7 44. hxg5 fxg5 45. Kf2 h4 46. Re3 g4 47. Rxc4 g3+ 48. Kf3 Rxf5+ 49. Kg4 Kf6 50. exf5 Rxe3 51. Rf4 Bxg2 1/2-1/2

[Event "St Petersburg Korchnoi Memorial op"]
[Site "St Petersburg"]
[Date "2019.08.17"]
[Round "4"]
[White "Morozov, Mikhail M"]
[Black "Lozovskiy, Andrey"]
[Result "1-0"]
[WhiteElo "1954"]
[BlackElo "1635"]
[PlyCount "37"]
[EventDate "2019.08.14"]
[EventType "swiss"]
[EventRounds "9"]
[EventCountry "RUS"]
[SourceTitle "CBM 192"]
[Source "ChessBase"]
[SourceDate "2019.10.31"]
[SourceVersion "1"]
[SourceVersionDate "2019.10.31"]
[SourceQuality "1"]

1. d4 Nf6 2. Bg5 Ne4 3. Bf4 g6 4. f3 Nf6 5. Qd2 Bg7 6. Nc3 c6 7. e4 d6 8. Bh6 Bxh6 9. Qxh6 Qb6 10. 0-0-0 Nbd7 11. Bc4 d5 12. exd5 cxd5 13. Bxd5 e6 14. Bb3 Qc7 15. Nh3 Nb6 16. Qg7 Ke7 17. Qxh8 Bd7 18. Qg7 Rc8 19. Kb1 1-0

[Event "St Petersburg Korchnoi Memorial op"]
[Site "St Petersburg"]
[Date "2019.08.16"]
[Round "3"]
[White "Nikologorsky, Matfei"]
[Black "Morozov, Mikhail M"]
[Result "1-0"]
[WhiteElo "2214"]
[BlackElo "1954"]
[PlyCount "79"]
[EventDate "2019.08.14"]
[EventType "swiss"]
[EventRounds "9"]
[EventCountry "RUS"]
[SourceTitle "CBM 192"]
[Source "ChessBase"]
[SourceDate "2019.10.31"]
[SourceVersion "1"]
[SourceVersionDate "2019.10.31"]
[SourceQuality "1"]

1. e4 e6 2. d4 d5 3. Nd2 Nf6 4. e5 Nfd7 5. Bd3 c5 6. c3 Nc6 7. Ne2 cxd4 8. cxd4 f6 9. exf6 Nxf6 10. 0-0 Bd6 11. Nf3 Qc7 12. Nc3 a6 13. Re1 0-0 14. Bg5 Bd7 15. Bh4 Nh5 16. Rc1 Nf4 17. Bb1 Rae8 18. Bg3 Bc8 19. Ng5 g6 20. Nf3 Qg7 21. Ne2 g5 22. Nxf4 gxf4 23. Bh4 Kh8 24. Qd3 Nb4 25. Qb3 Rg8 26. g3 Nc6 27. Qd3 Nb4 28. Qe2 Nc6 29. Ng5 h6 30. Qh5 Re7 31. Nf3 Rf7 32. Bg5 Bf8 33. Bxh6 Qxh6 34. Qxf7 Bb4 35. Red1 fxg3 36. hxg3 Rf8 37. Ng5 Be7 38. f4 Bxg5 39. fxg5 Rxf7 40. gxh6 1-0

[Event "Pardubice op rapid 30th"]
[Site "Pardubice"]
[Date "2019.07.17"]
[Round "3"]
[White "Escobar Medina, Andres F"]
[Black "Morozov, Mikhail M"]
[Result "1-0"]
[WhiteElo "2296"]
[BlackElo "1997"]
[PlyCount "125"]
[EventDate "2019.07.17"]
[EventType "swiss (rapid)"]
[EventRounds "9"]
[EventCountry "CZE"]
[SourceTitle "CBM 191 Extra"]
[Source "ChessBase"]
[SourceDate "2019.09.30"]
[SourceVersion "1"]
[SourceVersionDate "2019.09.30"]
[SourceQuality "1"]

1. e4 e6 2. c4 c5 3. Nf3 Nc6 4. d4 cxd4 5. Nxd4 d6 6. Nc3 Nf6 7. Be2 Be7 8. 0-0 Bd7 9. Ndb5 Qb8 10. Bf4 Ne5 11. Bg3 a6 12. Nd4 0-0 13. f4 Nc6 14. Kh1 Nxd4 15. Qxd4 Bc6 16. e5 Ne8 17. Bd3 Qa7 18. Qxa7 Rxa7 19. f5 dxe5 20. Bxe5 Bf6 21. Bxf6 gxf6 22. c5 Ra8 23. Rad1 Nc7 24. fxe6 fxe6 25. Ne4 Nd5 26. Rde1 Kh8 27. Bc4 f5 28. Nd6 Rf6 29. a3 Rg8 30. Rf2 h5 31. Be2 h4 32. Bf3 Kh7 33. Nc4 Rg7 34. Ne5 Kh6 35. b4 Kh7 36. Nxc6 bxc6 37. Rfe2 Nf4 38. Rd2 Nd5 39. h3 Rfg6 40. Rd4 Rh6 41. Be2 Ra7 42. Bc4 Kg7 43. Rd2 Kf6 44. Rde2 Kf7 45. Kh2 Rg6 46. Rf2 Rg3 47. Ra1 Kf6 48. Be2 e5 49. Raf1 f4 50. Bf3 Rd7 51. Rd1 Ke6 52. Bg4+ Ke7 53. Bxd7 Kxd7 54. Rf3 Rg5 55. a4 Kc7 56. b5 axb5 57. axb5 Ne3 58. b6+ Kb7 59. Rd7+ Ka6 60. Rf2 Nc4 61. Rc2 Kb5 62. b7 Rg8 63. Ra2 1-0

[Event "Pardubice op rapid 30th"]
[Site "Pardubice"]
[Date "2019.07.17"]
[Round "1"]
[White "Novotny, Lubos"]
[Black "Morozov, Mikhail M"]
[Result "0-1"]
[WhiteElo "2280"]
[BlackElo "1997"]
[PlyCount "138"]
[EventDate "2019.07.17"]
[EventType "swiss (rapid)"]
[EventRounds "9"]
[EventCountry "CZE"]
[SourceTitle "CBM 191 Extra"]
[Source "ChessBase"]
[SourceDate "2019.09.30"]
[SourceVersion "1"]
[SourceVersionDate "2019.09.30"]
[SourceQuality "1"]

1. d4 e6 2. e4 d5 3. Nd2 dxe4 4. Nxe4 Bd7 5. Nf3 Bc6 6. Bd3 Nd7 7. 0-0 Ngf6 8. Ng3 Bxf3 9. Qxf3 c6 10. b3 Be7 11. Bb2 0-0 12. c4 Re8 13. Rad1 Qa5 14. Bb1 Bf8 15. Rfe1 Rac8 16. Re3 b5 17. c5 Nd5 18. Re4 N7f6 19. Rh4 g6 20. Ne4 Nxe4 21. Bxe4 Qc7 22. Bc1 Bg7 23. Qh3 Nf6 24. Bf4 Qd7 25. Bc2 h5 26. Be5 Rcd8 27. Re1 Qe7 28. Bd6 Rxd6 29. cxd6 Qxd6 30. Qd3 Rd8 31. Qc3 a6 32. Qa5 Ng4 33. Bd1 Qxd4 34. Bxg4 hxg4 35. Rxg4 Qd2 36. Qxd2 Rxd2 37. a4 Bd4 38. Rf1 e5 39. axb5 axb5 40. h4 Kg7 41. h5 c5 42. hxg6 fxg6 43. Re4 c4 44. bxc4 bxc4 45. Kh2 c3 46. Rb1 Rxf2 47. Rb7+ Kf6 48. Kg3 Rf1 49. Rc7 Bf2+ 50. Kg4 Bd4 51. Re2 Rf5 52. Rc6+ Kf7 53. Ra2 Rf4+ 54. Kg5 Rf5+ 55. Kg4 Rf4+ 56. Kh3 Rf5 57. g3 Kg7 58. Kg4 Kh6 59. Raa6 Rg5+ 60. Kf3 Rf5+ 61. Ke4 Rg5 62. Kf3 Rf5+ 63. Kg2 Rg5 64. Ra8 Rf5 65. Rg8 Rg5 66. Rc7 Rf5 67. Rc6 Rg5 68. Rf8 e4 69. Rf4 Be5 0-1

[Event "St Petersburg March op"]
[Site "St Petersburg"]
[Date "2009.04.02"]
[Round "4"]
[White "Morozov, Mikhail M"]
[Black "Sundukova, Ksenia"]
[Result "1-0"]
[WhiteElo "1980"]
[BlackElo "1845"]
[PlyCount "79"]
[EventDate "2009.03.30"]
[EventType "swiss"]
[EventRounds "9"]
[EventCountry "RUS"]
[SourceTitle "EXT 2012"]
[Source "ChessBase"]
[SourceDate "2011.11.24"]
[SourceVersion "1"]
[SourceVersionDate "2011.11.24"]
[SourceQuality "1"]

1. c4 Nf6 2. Nc3 e6 3. e4 d6 4. Nf3 Nc6 5. Be2 g6 6. 0-0 Bg7 7. d4 0-0 8. Bg5 Qd7 9. Qd2 a6 10. Rad1 e5 11. d5 Na7 12. h3 b5 13. a3 Ne8 14. Bh6 f5 15. Bxg7 Nxg7 16. exf5 Nxf5 17. g4 Ng7 18. Qh6 Ne8 19. c5 dxc5 20. Nxe5 Qg7 21. Qxg7+ Kxg7 22. Ne4 c4 23. Nc5 Nd6 24. Rfe1 Re8 25. Bf1 Nf7 26. f4 Nd6 27. Kh2 Bb7 28. Ne6+ Rxe6 29. dxe6 Re8 30. Nd7 Ne4 31. f5 gxf5 32. gxf5 Nd6 33. f6+ Kg6 34. Rxd6 Nc8 35. Rd4 Bc6 36. Rg4+ Kh6 37. Ne5 Nd6 38. f7 Nxf7 39. Nxf7+ Kh5 40. Re5# 1-0

[Event "St Petersburg March op"]
[Site "St Petersburg"]
[Date "2009.04.01"]
[Round "3"]
[White "Tkachev, Taras"]
[Black "Morozov, Mikhail M"]
[Result "1/2-1/2"]
[WhiteElo "1966"]
[BlackElo "1980"]
[PlyCount "147"]
[EventDate "2009.03.30"]
[EventType "swiss"]
[EventRounds "9"]
[EventCountry "RUS"]
[SourceTitle "EXT 2012"]
[Source "ChessBase"]
[SourceDate "2011.11.24"]
[SourceVersion "1"]
[SourceVersionDate "2011.11.24"]
[SourceQuality "1"]

1. Nf3 c5 2. g3 g6 3. Bg2 Bg7 4. 0-0 Nf6 5. d3 0-0 6. e4 d6 7. Nbd2 Nc6 8. Nc4 Qc7 9. h3 e5 10. Bg5 Ne8 11. Ne3 f6 12. Nd5 Qf7 13. Be3 Nc7 14. c4 Be6 15. Qd2 Rab8 16. Nh2 b5 17. f4 Nd4 18. Nf3 Qd7 19. Kh2 bxc4 20. dxc4 Nxf3+ 21. Rxf3 f5 22. exf5 Bxd5 23. cxd5 e4 24. Rff1 Rxb2 25. Qd1 Rxf5 26. Rb1 Rxd5 27. Qc1 Rxb1 28. Qxb1 Rd3 29. Bf2 d5 30. Bxc5 Nb5 31. Rd1 Rxd1 32. Qxd1 Qc6 33. Bg1 h6 34. Qb3 Kh7 35. a4 Nc3 36. Bxa7 Nxa4 37. Qb4 Nc3 38. Qe7 Nb5 39. Bb8 Nd4 40. g4 Qc2 41. Ba7 Nf3+ 42. Kg3 Qc3 43. Bxf3 Qxf3+ 44. Kh2 Qxf4+ 45. Kg2 d4 46. Bxd4 Qf3+ 47. Kh2 Qe2+ 48. Kh1 Qd1+ 49. Bg1 Qd5 50. Be3 g5 51. Kg2 Qa2+ 52. Kg3 Qa4 53. Qf7 Kh8 54. Qe6 Qa8 55. Kg2 Qb7 56. Qe8+ Kh7 57. Qe6 Qb2+ 58. Bf2 Qe5 59. Qxe5 Bxe5 60. h4 gxh4 61. Bxh4 Kg6 62. Bd8 Bf4 63. Kf2 Kf7 64. Bb6 Ke6 65. Bd4 Kd5 66. Bb6 Bd6 67. Ke2 Bf4 68. Kf2 Kc6 69. Bd4 Kd6 70. Bb6 Ke6 71. Ke2 Kf6 72. Bd8+ Kg6 73. Bh4 Bg5 74. Bg3 1/2-1/2

[Event "St Petersburg March op"]
[Site "St Petersburg"]
[Date "2009.03.31"]
[Round "2"]
[White "Morozov, Mikhail M"]
[Black "Paliy, Vladimir"]
[Result "1/2-1/2"]
[WhiteElo "1980"]
[BlackElo "1837"]
[PlyCount "74"]
[EventDate "2009.03.30"]
[EventType "swiss"]
[EventRounds "9"]
[EventCountry "RUS"]
[SourceTitle "EXT 2012"]
[Source "ChessBase"]
[SourceDate "2011.11.24"]
[SourceVersion "1"]
[SourceVersionDate "2011.11.24"]
[SourceQuality "1"]

1. c4 Nf6 2. Nc3 e6 3. e4 d5 4. e5 d4 5. exf6 dxc3 6. bxc3 Qxf6 7. d4 e5 8. Qe2 Be7 9. dxe5 Qe6 10. g3 Nc6 11. Nf3 f6 12. exf6 Qxf6 13. Nd4 Nxd4 14. cxd4 0-0 15. Bd2 Qxd4 16. Rc1 Bg4 17. Qe3 Bc5 18. Qxd4 Bxd4 19. Be3 Rae8 20. h3 Bxe3 21. fxe3 Bf3 22. Rh2 Rxe3+ 23. Kf2 Ra3 24. Kg1 Bc6 25. Rd2 Rxg3+ 26. Kh2 Rgf3 27. Kg1 Rg3+ 28. Kh2 Rg5 29. c5 h5 30. Bc4+ Kh7 31. Re2 Kh6 32. Bd3 Re8 33. Rf2 Rge5 34. Rg1 Be4 35. Bxe4 Rxe4 36. Rgg2 R4e6 37. Rf7 Rg6 1/2-1/2

[Event "St Petersburg op"]
[Site "St Petersburg"]
[Date "2009.01.03"]
[Round "1"]
[White "Mikhailov, Ivan"]
[Black "Morozov, Mikhail M"]
[Result "1/2-1/2"]
[WhiteElo "1908"]
[BlackElo "2031"]
[PlyCount "129"]
[EventDate "2009.01.03"]
[EventType "swiss"]
[EventRounds "9"]
[EventCountry "RUS"]
[SourceTitle "EXT 2010"]
[Source "ChessBase"]
[SourceDate "2010.11.25"]
[SourceVersion "1"]
[SourceVersionDate "2010.11.25"]
[SourceQuality "1"]

1. d4 d5 2. c4 e6 3. Nc3 Nf6 4. Bg5 Be7 5. cxd5 exd5 6. e3 0-0 7. Bd3 Nbd7 8. Nf3 Re8 9. 0-0 Nf8 10. Qc2 c6 11. Rab1 h6 12. Bf4 Ne6 13. Bg3 c5 14. dxc5 Bxc5 15. Nb5 Bf8 16. Bc7 Qe7 17. Bd6 Qd8 18. Bc7 Qe7 19. Rfc1 a6 20. Bd6 Qd8 21. Bxf8 Rxf8 22. Nc7 Rb8 23. Nxe6 Bxe6 24. Nd4 Qe7 25. Qc7 Nd7 26. Nf5 Qf6 27. Nd4 Ne5 28. Be2 Bf5 29. Nxf5 Qxf5 30. Qc2 Qe6 31. b3 Rbd8 32. Rd1 Rfe8 33. h3 f5 34. Bd3 Rf8 35. Qb2 Rf7 36. Rd2 f4 37. exf4 Rxf4 38. Re2 Nxd3 39. Rxe6 Nxb2 40. Rxb2 Rf7 41. Rd2 Rfd7 42. Rd4 Kf7 43. Re2 Rd6 44. f4 R8d7 45. Kf2 Rc6 46. Red2 Rcd6 47. Kf3 Rd8 48. f5 R8d7 49. Kf4 Kf6 50. g4 Rd8 51. h4 R6d7 52. g5+ hxg5+ 53. hxg5+ Kf7 54. a4 a5 55. R2d3 Kg8 56. f6 gxf6 57. gxf6 Kf7 58. Kf5 Rd6 59. Ke5 Re6+ 60. Kf5 Rxf6+ 61. Ke5 Re6+ 62. Kf5 Rf6+ 63. Ke5 Re6+ 64. Kf5 Rf6+ 65. Ke5 1/2-1/2